International investments / (Record no. 1577)

000 -LEADER
fixed length control field 00958nam a22003017a 4500
001 - CONTROL NUMBER
control field 1053831
003 - CONTROL NUMBER IDENTIFIER
control field OSt
005 - DATE AND TIME OF LATEST TRANSACTION
control field 20210423062241.0
008 - FIXED-LENGTH DATA ELEMENTS--GENERAL INFORMATION
fixed length control field 900417s1991 maua b 001 0 eng
010 ## - LIBRARY OF CONGRESS CONTROL NUMBER
LC control number 90036065
020 ## - INTERNATIONAL STANDARD BOOK NUMBER
International Standard Book Number 0201535351
040 ## - CATALOGING SOURCE
Original cataloging agency DLC
Transcribing agency DLC
Modifying agency DLC
041 ## - LANGUAGE CODE
Language code of text/sound track or separate title eng
050 00 - LIBRARY OF CONGRESS CALL NUMBER
Classification number HG4538
Item number .S52 1991
080 ## - UNIVERSAL DECIMAL CLASSIFICATION NUMBER
Universal Decimal Classification number 336
Item number S-70
082 00 - DEWEY DECIMAL CLASSIFICATION NUMBER
Classification number 332.6/73
Edition number 20
100 1# - MAIN ENTRY--PERSONAL NAME
Personal name Solnik, Bruno H.,
Dates associated with a name 1946-
245 10 - TITLE STATEMENT
Title International investments /
Statement of responsibility, etc. Bruno Solnik.
250 ## - EDITION STATEMENT
Edition statement 2nd ed.
260 ## - PUBLICATION, DISTRIBUTION, ETC.
Place of publication, distribution, etc. Reading, Mass. :
Name of publisher, distributor, etc. Addison-Wesley Pub. Co.,
Date of publication, distribution, etc. 1991.
300 ## - PHYSICAL DESCRIPTION
Extent xi, 404 p. :
Other physical details ill. ;
Dimensions 25 cm.
504 ## - BIBLIOGRAPHY, ETC. NOTE
Bibliography, etc. note Includes bibliographical references and index.
650 #0 - SUBJECT ADDED ENTRY--TOPICAL TERM
Topical term or geographic name entry element Investments, Foreign.
653 ## - INDEX TERM--UNCONTROLLED
Uncontrolled term ფინანსები
906 ## - LOCAL DATA ELEMENT F, LDF (RLIN)
a 7
b cbc
c orignew
d 1
e ocip
f 19
g y-gencatlg
942 ## - ADDED ENTRY ELEMENTS (KOHA)
Source of classification or shelving scheme
Koha item type Books
Holdings
Withdrawn status Lost status Source of classification or shelving scheme Damaged status Not for loan Permanent location Current location Date acquired Inventory number Total Checkouts Full call number Barcode Date last seen Price effective from Koha item type
          Ken Walker International University Ken Walker International University 02/19/2021 1389   336 S-70 1389 02/19/2021 02/19/2021 Books

Powered by Koha